| 000 | 00671nam a2200217 a 4500 | ||
|---|---|---|---|
| 001 | 50288 | ||
| 003 | BD-RJUL | ||
| 005 | 20211209075503.0 | ||
| 008 | 160824s1954 enk 000 0 ger d | ||
| 035 | _aBD-RJUL 50408 | ||
| 040 |
_aTLM _cTLM _dOCL _dUKM _dEQO _beng |
||
| 041 | 0 |
_ager _aeng |
|
| 082 |
_223 _a435 _bBUE 1954 |
||
| 100 | 1 |
_aBuckley, R. W. _q(Richard Woods), _d1903- _9150714 |
|
| 245 | 1 | 0 |
_aEssential German for science students / _c[by] R. W. Buckley. |
| 260 |
_aLondon : _bUniversity of London Press, _c1954. |
||
| 300 |
_a256 p. ; _c23 cm. |
||
| 650 | 0 |
_aGerman language _xGrammar. _9150715 |
|
| 650 | 0 |
_aGerman language _vReaders. _9150716 |
|
| 942 |
_2ddc _cBK |
||
| 999 |
_c50288 _d50288 |
||